000 01111nam a22002535i 4500
001 165457
003 ES-MaACL
005 20230906213135.0
008 940202s1760 be |||| | fre d
040 _aCARM
_bspa
100 1 _aSobrino, Francisco.
_9107002
245 1 0 _aDictionnaire nouveau des langes françoise et espagnole ... /
_cpar François Sobrino ... ; tome second.
250 _aSixiéme edition considérablement augmentée, & corrigée de nouveau.
260 _aA Bruxelles :
_bchez Henri-Albert Gosse & Comp. libraires & Imprimeurs,
_c1760.
300 _a[4], 604 p. ;
_c4\so\p.
597 _aSign.: [@]\p1\s, *\p1\s, A-Z\p4\s, 2A-2Z\p4\s, 3A-3Z\p4\s, 4A-4F\p4\s, 4G\p2\s.
597 _aTexto a tres col.
597 _aPort. a dos tintas con grab. xil.
650 7 _aLengua francesa-
_vDiccionarios.
_914205
650 0 7 _aLengua española-
_vDiccionarios.
_914137
700 1 _aGosse, Henri Albert.
_9127490
752 _aBélgica -
_dBruselas
852 _aES-MaACL
_jR-765-66
_z-- Enc. pasta española grab. con hierros
_d-- Olim: G-6777-8
_x-- Edic.: El grab. de la port. es calc.
999 _c165457
_d165457